Nuremberg Airport Destinatons (Nuremberg, Germany) - Map - Statistics

General Stats
  • This quiz has been taken 26 times
  • The average score is 23 of 33
Answers on the Map
Answers color-coded by a green-red scale on the quiz's map according to % correct below.
 
Answer Stats
Destination % Correct
Istanbul
100%
Rome (Fiumicino)
95%
Beirut
91%
Belgrade
91%
Bucharest (Otopeni)
91%
Tirana
91%
Alicante
86%
Antalya
86%
Chișinău
86%
Heraklion
86%
London (Heathrow)
86%
Pristina
86%
Skopje
86%
Cluj-Napoca
82%
Vilnius
82%
Erbil
77%
İzmir
77%
Varna
77%
Funchal
73%
Rabat
73%
Gran Canaria
64%
Rhodes
64%
Timișoara
59%
Zadar
55%
Kos
50%
Bastia
45%
Fuerteventura
45%
Bodrum
36%
Kayseri
36%
Brașov
32%
Preveza/Lefkada
32%
Marsa Alam
23%
Sibiu
18%
No matching quizzes found
Score Distribution
Percent of People with Each Score
Percentile by Number Answered
Your Score History
You have not taken this quiz